000 01156nam a2200301 a 4500
001 000108833
003 CHAP
005 20220329144026.0
008 140314s2013 mx a |sm |||||||spa|d
010 _a105295
011 _a106267
040 _cCHAP
090 _aTesis
100 1 _aRabelo Miranda, José Manuel
_993628
245 1 0 _aDiseño estructural de invernaderos en la zona centro de México
_h[En línea]
_cpor José Manuel Rabelo Miranda.
260 _aChapingo, Méx. :
_bEl autor,
_c2013.
500 _aPara ver el contenido del material haga clic en la liga
502 _aTesis (M.C. en Ingeniería Agrícola y Uso Integral del Agua) -- UACH. Departamento de Ingeniería Mecánica Agrícola y Departamento de Uso Integral del Agua
590 _aBATCH-UPD
_b05
_c20140324
_lUCH01
_h1536
590 _aBATCH-UPD
_b05
_c20141002
_lUCH01
_h0858
590 _aE792CSJ
_b05
_c20140314
_lUCH01
_h0953
590 _aE792CSJ
_b05
_c20140314
_lUCH01
_h0953
650 1 4 _aInvernaderos
_xDiseño y construcción.
_960175
856 _aFinding aid
_uhttp://10.13.5.2/tesis/sist108833.pdf
_zTeclea aquí
901 _aBK
942 _cTESIS
942 _n0
999 _c105295
_d105295